Statistiken für Die 8 Chemie Nobelpreisträgerinnen

Klicken Sie hier um das Quiz zu spielen!

Allgemein

  • Dieses Quiz wurde 43 mal gespielt
    (27 seit der letzten Aktualisierung)
  • Das Durchschnittsergebnis liegt bei 2 aus 8

Antwortstatistiken

JahrVornameChemikerin% Korrekt
1911MarieCurie
100%
2020EmmanuelleCharpentier
11%
2020JenniferDoudna
11%
2018Frances H.Arnold
6%
2022CarolynBertozzi
6%
1964DorothyCrowfoot Hodgkin
6%
1935IrèneJoliot-Curie
6%
2009AdaYonath
6%

Verteilung der Resultate

Perzentil nach korrekt beantworteten Fragen

Anzahl Personen mit jedem Resultat

Ihre Resultats-Entwicklung

Sie haben dieses Quiz seit der letzten Aktualisierung nicht gespielt